000 01173nam0a22003011 4500
001 rc\3987317
005 20130415122655.6
021 _aRU
_b[55-18629]
035 _a(NLR Aleph) 008065075
090 _a9027326
_c9027326
100 _a20130415d1955 |||y0rusy50 ca
101 0 _arus
102 _aRU
105 _aa j |||||
200 1 _aРодная литература
_eХрестоматия для 6-го класса сред. школы
_fСост. А.С. Толстов, П.А. Шевченко, В.П. Цветаев
205 _a15-е изд.
210 _aКиев
_cРад. школа
_d1955
215 _a512 с.
_cил.
_d21
300 _aНа переплете сост. не указаны
606 _aРусская литература
_jХрестоматии
_2psbo
700 1 _aТолстов
_bА. С.
_f1874-
_gАлександр Семенович
_4220
701 1 _aШевченко
_bП. А.
_gПрасковья Андреевна
_4220
701 1 _aЦветаев
_bВ. П.
_gВладимир Павлович
_4220
801 0 _aRU
_bNLR
_gpsbo
801 1 _aRU
_bELAR
_2rusmarc
852 _aNLR
_jЯ60 Г-3/1063
942 _cBOOK
980 _aNB